000 00818nam a22002057a 4500
999 _c12390
_d12390
003 AR-CdUCM
008 190408b ||||| |||| 00| 0 spa d
040 _aMUNICIPALIDAD PROVINCIAL DEL CUSCO
_cBIBLIOTECA MUNICIPAL DEL CUSCO
082 _a869.521 /
_bM676 / 1971
100 _aMiro Quesada S., Aurelio
_92712
245 _aEl inca Garcilaso y otros estudios garcilasistas /
260 _aMadrid :
_bEdiciones cultura hispánica,
_c1971.
300 _a516 páginas ;
_c24 cm.
505 _aContenido: EL capital y la Ñusta -- Riegos y azares de las guerras civiles -- Años del Cuzco -- Un peruano en España -- La traducción de los diálogos de amos...
650 _aGarcilaso
_92776
650 _aLiteratura latinoamericana
_91143
650 _aCusco
_9772
942 _2ddc
_cLIBROS
945 _adavv
_d08/04/2019